000 00664nam a2200289Ia 4500
005 20260324124149.0
008 008 260324s9999 xx 000 0 eng d
020 _a9781315425412
037 _aEBOOK
040 _aCRL
040 _beng
040 _cCRL
041 _2eng
041 _aeng
084 _qCRL
100 _aSophie Tamas
_91173093
245 0 _aLife After Leaving
245 4 _bThe Remains of Spousal Abuse
260 _bTaylor and Francis
260 _c2011
365 _a
365 _b230
856 _uhttp://www.taylorfrancis.com/books/9781315425412
942 _cEBOOK
999 _c1767251
_d1767251